[Event "2. Oeffinger Schachopen 2011"]
[Site "T-Systems"]
[Date "2011.06.11"]
[Round "1.6"]
[White "Hertkorn, Jens"]
[Black "Heining, Thomas"]
[Result "1-0"]
[WhiteElo "1627"]
[BlackElo "1981"]
[PlyCount "65"]

1. d4 Nf6 2. c4 g6 3. g3 Bg7 4. Bg2 O-O 5. Nc3 d6 6. Nf3 Nbd7 7. O-O e5 8. h3
Re8 9. e4 exd4 10. Nxd4 a6 11. Be3 Rb8 12. Rb1 c5 13. Nde2 $11 b5 14. cxb5 axb5
15. b4 cxb4 16. Rxb4 Qa5 17. Qb1 Ba6 18. Nd4 Rec8 19. Qb2 Ne5 20. Rd1 Rc4 21.
Rxc4 Nxc4 22. Qb3 Nxe3 23. fxe3 Qc7 24. Ncxb5 Qc5 25. a4 Bh6 26. Rd3 Re8 27.
Rc3 Qb6 28. Rc6 Qb7 29. Rc7 Rf8 30. Rxb7 Bxb7 31. Nxd6 Ba8 32. e5 Bxg2 33. Kxg2
1-0

[Event "2. Oeffinger Schachopen 2011"]
[Site "T-Systems"]
[Date "2011.06.11"]
[Round "1.1"]
[White "Schnepp, Gunnar"]
[Black "Rudhart, Michael"]
[Result "1-0"]
[WhiteElo "2248"]
[BlackElo "1655"]
[PlyCount "47"]

1. d4 d5 2. c4 e6 3. Nf3 Nf6 4. Nc3 Nbd7 5. cxd5 exd5 6. Bf4 c6 7. Qc2 Be7 8.
h3 O-O 9. e3 Re8 10. Bd3 Nf8 11. O-O h6 12. Ne5 Bd6 13. Rac1 Qe7 14. Rfe1 Bd7
15. Bg3 Rac8 16. f4 c5 17. Bh4 Bc6 18. Bf5 Rc7 19. Ng4 cxd4 20. exd4 Ne6 21.
Bxe6 fxe6 22. Qg6 Kf8 23. Bxf6 gxf6 24. Nxf6 1-0

[Event "2. Oeffinger Schachopen 2011"]
[Site "T-Systems"]
[Date "2011.06.11"]
[Round "1.2"]
[White "Drapchin, Marc"]
[Black "Vaysberg, Alexander"]
[Result "0-1"]
[WhiteElo "1654"]
[BlackElo "2146"]
[PlyCount "88"]

1. e4 c5 2. Nf3 g6 3. c3 Bg7 4. d4 cxd4 5. cxd4 d6 6. Bb5+ Bd7 7. Bxd7+ Nxd7 8.
O-O Ngf6 9. Nc3 O-O 10. Re1 Nb6 11. b3 Rc8 12. Bb2 Qd7 13. a4 a6 14. a5 Na8 15.
Na4 Qb5 16. Nc3 Qh5 17. h3 Nc7 18. Nh2 Qxd1 19. Raxd1 Nb5 20. Nxb5 axb5 21. Rc1
Bh6 22. Rxc8 Rxc8 23. Re2 Kf8 24. g3 d5 25. f3 Ke8 26. e5 Nd7 27. Ng4 Bf8 28.
Ne3 e6 29. Rc2 Rxc2 30. Nxc2 b4 31. Bc1 Nb8 32. Bd2 Nc6 33. Kf2 Nxa5 34. Bxb4
Bxb4 35. Nxb4 Nxb3 36. Ke3 Kd7 37. Kd3 Na5 38. f4 Nc4 39. g4 Kc7 40. f5 Kb6 41.
f6 Ka5 42. Nxd5 exd5 43. e6 Nd6 44. e7 g5 0-1

[Event "2. Oeffinger Schachopen 2011"]
[Site "T-Systems"]
[Date "2011.06.11"]
[Round "1.3"]
[White "Gustain, Marc"]
[Black "Häußler, Rolf"]
[Result "1-0"]
[WhiteElo "2091"]
[BlackElo "1652"]
[PlyCount "75"]

1. e4 c5 2. Nf3 d6 3. d4 cxd4 4. Nxd4 Nf6 5. Nc3 a6 6. Bg5 e6 7. f4 Be7 8. Qf3
Qc7 9. O-O-O Nbd7 10. g4 b5 11. Bxf6 gxf6 12. Bd3 Nb6 13. Rhe1 Bb7 14. f5 e5
15. Nde2 Rc8 16. Ng3 Nc4 17. Bxc4 Qxc4 18. Qe2 Qxe2 19. Rxe2 O-O 20. Nd5 Bxd5
21. Rxd5 Rc5 22. Red2 Rfc8 23. a3 Bf8 24. Kb1 Rxd5 25. Rxd5 Rc4 26. Rd3 Be7 27.
b3 Rc8 28. Kb2 Kg7 29. Ne2 Kh6 30. Rh3+ Kg7 31. Nc3 Bd8 32. Nd5 Rc5 33. Rd3 Rc6
34. Nb4 Rb6 35. Rc3 a5 36. Nd5 Ra6 37. Ka2 Kh6 38. Rc8 1-0

[Event "2. Oeffinger Schachopen 2011"]
[Site "T-Systems"]
[Date "2011.06.11"]
[Round "1.4"]
[White "Mayer, Dietmar"]
[Black "Hüttig, Michael"]
[Result "1/2-1/2"]
[WhiteElo "1583"]
[BlackElo "2078"]
[PlyCount "81"]

1. d4 Nf6 2. Nf3 g6 3. Nc3 d5 4. Bf4 Bg7 5. e3 O-O 6. Be2 c5 7. Ne5 Nc6 8. O-O
Bf5 9. Qd2 Rc8 10. Rfe1 Qa5 11. Rad1 cxd4 12. Nxc6 Rxc6 13. exd4 Qb4 14. g4
Qxb2 15. gxf5 Qxc3 16. fxg6 hxg6 17. Bb5 Ne4 18. Qe2 Re6 19. Bd7 Nxf2 20. Qxf2
Bxd4 21. Rxd4 Qxe1+ 22. Qxe1 Rxe1+ 23. Kf2 Re4 24. Rxe4 dxe4 25. Ke3 Rd8 26.
Ba4 f5 27. Bg5 Kf8 28. Bb3 Rd6 29. Bf4 Rc6 30. Bh6+ Ke8 31. Ba4 Kd7 32. Bxc6+
Kxc6 33. Kd4 Kd6 34. Bf4+ Ke6 35. h4 b5 36. c3 a6 37. a3 Kf6 38. Bg5+ Ke6 39.
Bf4 Kf6 40. Bg5+ Ke6 41. Bf4 1/2-1/2

[Event "2. Oeffinger Schachopen 2011"]
[Site "T-Systems"]
[Date "2011.06.11"]
[Round "1.5"]
[White "Keough, Robert"]
[Black "Pape, Wolfgang"]
[Result "1-0"]
[WhiteElo "2063"]
[BlackElo "1638"]
[PlyCount "49"]

1. e4 c6 2. d4 d5 3. Nc3 dxe4 4. Nxe4 Bf5 5. Ng3 Bg6 6. h4 h6 7. h5 Bh7 8. Nf3
Nd7 9. Bd3 Bxd3 10. Qxd3 e6 11. Bd2 Ngf6 12. O-O-O Qc7 13. c4 O-O-O 14. Kb1 Bd6
15. Ne4 Nxe4 16. Qxe4 Nf6 17. Qe2 Rhe8 18. Bc3 Be7 19. Ne5 Bd6 20. f4 Bxe5 21.
fxe5 Nd7 22. Qg4 c5 23. Qxg7 Rg8 24. Qxf7 Rxg2 25. Qxe6 1-0

[Event "2. Oeffinger Schachopen 2011"]
[Site "T-Systems"]
[Date "2011.06.11"]
[Round "1.7"]
[White "Rempeli, Alex"]
[Black "Pelezki, Jurij"]
[Result "1-0"]
[WhiteElo "1971"]
[BlackElo "1623"]
[PlyCount "61"]
[EventDate "2011.??.??"]

1. d4 d5 2. c4 Nf6 3. Nf3 c6 4. e3 g6 5. Nc3 Bg7 6. Bd3 O-O 7. O-O Re8 8. Ne5
Nbd7 9. f4 Nxe5 10. fxe5 Ng4 11. cxd5 cxd5 12. Qb3 e6 13. Bd2 a6 14. Rac1 Qg5
15. Rf3 Qh4 16. h3 Nh6 17. e4 dxe4 18. Nxe4 Nf5 19. Bg5 Qh5 20. Qa4 b5 21. Qb4
Nh4 22. Re3 Nf5 23. Be2 Qxg5 24. Nxg5 Nxe3 25. Rc7 Nd5 26. Qc5 Rf8 27. Bf3 Bh6
28. Bxd5 exd5 29. Nxf7 Be3+ 30. Kh1 Be6 31. Qc3 {(ZÜ)} 1-0

[Event "2. Oeffinger Schachopen 2011"]
[Site "T-Systems"]
[Date "2011.06.11"]
[Round "1.8"]
[White "Tölg, Wolfgang"]
[Black "Weida, Alexander"]
[Result "0-1"]
[WhiteElo "1623"]
[BlackElo "1945"]
[PlyCount "60"]
[EventDate "2011.??.??"]

1. e4 e6 2. d4 d5 3. e5 c5 4. c3 Qb6 5. Nf3 Bd7 6. b3 Nc6 7. Be3 Rc8 8. Be2
cxd4 9. cxd4 Nb4 10. Bd3 Bb5 11. Bxb5+ Qxb5 12. a4 Qa6 13. Qe2 Nc2+ 14. Kd1
Qxe2+ 15. Kxe2 Nxa1 16. Nbd2 Nc2 17. Nb1 Nxe3 18. fxe3 Bb4 19. Nfd2 Ne7 20. Rf1
O-O 21. Kd3 Nc6 22. g4 Bxd2 23. Nxd2 Nb4+ 24. Ke2 f6 25. exf6 Rxf6 26. Rg1 Rcf8
27. h3 Rf2+ 28. Ke1 Rh2 29. Rg3 Rff2 30. Nf3 Nd3+ 0-1

[Event "2. Oeffinger Schachopen 2011"]
[Site "T-Systems"]
[Date "2011.06.11"]
[Round "2.1"]
[White "Böhmler, Thomas"]
[Black "Schnepp, Gunnar"]
[Result "0-1"]
[WhiteElo "1798"]
[BlackElo "2248"]
[PlyCount "106"]
[EventDate "2011.??.??"]

1. d4 Nf6 2. c4 g6 3. Nc3 Bg7 4. e4 O-O 5. f3 d6 6. Be3 Nc6 7. Qd2 a6 8. O-O-O
b5 9. Bh6 Na5 10. Nd5 Nxc4 11. Nxf6+ exf6 12. Bxc4 bxc4 13. Bxg7 Kxg7 14. d5
Rb8 15. Ne2 f5 16. Nd4 Qf6 17. Nc6 Rb5 18. Qd4 Bb7 19. Qxf6+ Kxf6 20. exf5 Bxc6
21. dxc6 Rxf5 22. Kc2 Re8 23. Rhe1 Rxe1 24. Rxe1 Rc5 25. Re4 Rxc6 26. Rf4+ Ke7
27. Kc3 d5 28. Kd4 Ke6 29. Kc3 f5 30. Rd4 Rb6 31. f4 c5 32. Rd2 Rb4 33. Re2+
Kd6 34. Re8 d4+ 35. Kc2 Rb6 36. Rd8+ Ke6 37. Re8+ Kd5 38. Re5+ Kd6 39. h3 Rb7
40. Re8 Re7 41. Ra8 Re2+ 42. Kc1 Rxg2 43. Rxa6+ Kd5 44. a4 c3 45. bxc3 d3 46.
a5 Kc4 47. Rc6 Ra2 48. a6 d2+ 49. Kd1 Kd3 50. Rd6+ Kxc3 51. a7 Ra1+ 52. Ke2
Re1+ 53. Kf2 Re8 0-1

[Event "2. Oeffinger Schachopen 2011"]
[Site "T-Systems"]
[Date "2011.06.11"]
[Round "2.2"]
[White "Vaysberg, Alexander"]
[Black "Fox, Sascha"]
[Result "1-0"]
[WhiteElo "2146"]
[BlackElo "1796"]
[PlyCount "25"]
[EventDate "2011.??.??"]

1. e4 e5 2. Nc3 Nf6 3. Nf3 Nc6 4. Bb5 Nd4 5. Ba4 Bd6 6. d3 c6 7. O-O Bc7 8.
Nxd4 exd4 9. Ne2 d5 10. Nxd4 Bxh2+ 11. Kxh2 Ng4+ 12. Kg1 Qd6 13. Nf3 1-0

[Event "2. Oeffinger Schachopen 2011"]
[Site "T-Systems"]
[Date "2011.06.11"]
[Round "2.3"]
[White "Dürr, Hanno"]
[Black "Gustain, Marc"]
[Result "0-1"]
[WhiteElo "1795"]
[BlackElo "2091"]
[PlyCount "54"]
[EventDate "2011.??.??"]

1. d4 d5 2. Nf3 Nc6 3. Bf4 Bg4 4. e3 e6 5. c4 Nf6 6. Qa4 Bxf3 7. gxf3 Bb4+ 8.
Nc3 dxc4 9. Bxc4 Nd5 10. Bxd5 Qxd5 11. O-O-O Bxc3 12. bxc3 Qxf3 13. Rhg1 g6 14.
Rd2 O-O 15. c4 Qe4 16. Qd1 Na5 17. Rc2 c5 18. Qh5 Rfc8 19. Bh6 Nxc4 20. Rxc4
cxd4 21. Rc5 b6 22. f3 Qd3 23. exd4 bxc5 24. dxc5 Qc3+ 25. Kd1 Rxc5 26. Rxg6+
hxg6 27. Qxg6+ fxg6 0-1

[Event "2. Oeffinger Schachopen 2011"]
[Site "T-Systems"]
[Date "2011.06.11"]
[Round "2.4"]
[White "Lutzius, Thomas"]
[Black "Keough, Robert"]
[Result "0-1"]
[WhiteElo "1768"]
[BlackElo "2063"]
[PlyCount "102"]
[EventDate "2011.??.??"]

1. e4 b6 2. Nc3 e6 3. g3 Bb7 4. Bg2 Bb4 5. Nge2 f5 6. O-O Nf6 7. d3 fxe4 8.
Nxe4 Nxe4 9. dxe4 O-O 10. Be3 Na6 11. a3 Be7 12. c4 Nc5 13. Nc3 Bf6 14. Bxc5
bxc5 15. Rc1 Bd4 16. Qe2 a5 17. e5 Rb8 18. Nb5 Bxg2 19. Kxg2 Bxb2 20. Qxb2 c6
21. Qc3 cxb5 22. cxb5 Rxb5 23. a4 Rb4 24. Qxc5 Rxa4 25. Ra1 Qa8+ 26. Kg1 Qe4
27. Rxa4 Qxa4 28. Qc3 Qa2 29. f4 a4 30. Ra1 Qb3 31. Qxb3 axb3 32. Rb1 Rb8 33.
Kf2 Kf7 34. Ke2 g5 35. Kd2 Kg6 36. Kc3 b2 37. fxg5 Kxg5 38. Kd4 Kg4 39. Kc5 Kh3
40. Kd6 Rb7 41. Ke7 Kxh2 42. g4 Kg3 43. g5 Kf4 44. Kf6 Ke3 45. Kg7 d5+ 46. Kf6
d4 47. Kxe6 d3 48. Kf6 d2 49. e6 Kd3 50. e7 Rxe7 51. Kxe7 Kc2 0-1

[Event "2. Oeffinger Schachopen 2011"]
[Site "T-Systems"]
[Date "2011.06.11"]
[Round "2.5"]
[White "Baumeister, Jürgen"]
[Black "Rempeli, Alex"]
[Result "0-1"]
[WhiteElo "1729"]
[BlackElo "1971"]
[PlyCount "70"]
[EventDate "2011.??.??"]

1. Nf3 Nf6 2. c4 g6 3. d4 Bg7 4. Nc3 d5 5. Qb3 dxc4 6. Qxc4 O-O 7. e4 a6 8. a4
b5 9. Qd3 b4 10. Ne2 c5 11. Ng3 cxd4 12. Bf4 Nc6 13. Rd1 Qa5 14. Qd2 Ng4 15. h3
Nge5 16. Nxe5 Nxe5 17. Bxe5 Bxe5 18. f4 Bg7 19. Bc4 Qxa4 20. b3 Qa5 21. O-O Bb7
22. Qd3 e6 23. Rf2 Rad8 24. Rdf1 Rd7 25. f5 exf5 26. Nxf5 Qe5 27. Ng3 Bh6 28.
Rf5 gxf5 29. Rxf5 Be3+ 30. Kh2 Qc7 31. Rh5 Rd6 32. e5 Rg6 33. Ne4 Qc6 34. Nf6+
Qxf6 35. Rf5 Rxg2+ 0-1

[Event "2. Oeffinger Schachopen 2011"]
[Site "T-Systems"]
[Date "2011.06.11"]
[Round "2.6"]
[White "Weida, Alexander"]
[Black "Pyta, Lorenz"]
[Result "1-0"]
[WhiteElo "1945"]
[BlackElo "1728"]
[PlyCount "55"]
[EventDate "2011.??.??"]

1. e4 d6 2. d4 Nf6 3. Nc3 g6 4. f3 c6 5. Be3 b5 6. Qd2 a6 7. O-O-O Qa5 8. Kb1
Bg7 9. g4 h5 10. g5 Nfd7 11. Bh3 Nb6 12. Bxc8 Nxc8 13. f4 Nb6 14. Nf3 Nc4 15.
Qd3 Nxe3 16. Qxe3 Nd7 17. e5 dxe5 18. Nxe5 Nxe5 19. fxe5 e6 20. Ne4 O-O 21.
Rhf1 Rad8 22. Nf6+ Bxf6 23. gxf6 Kh7 24. Rg1 Qb6 25. Rg5 Rh8 26. Rxh5+ gxh5 27.
Qg5 Rxd4 28. Qg7# 1-0

[Event "2. Oeffinger Schachopen 2011"]
[Site "T-Systems"]
[Date "2011.06.11"]
[Round "2.7"]
[White "Pudmensky, Stefan"]
[Black "Kaplunov, Dr. Vadym"]
[Result "0-1"]
[WhiteElo "1720"]
[BlackElo "1932"]
[PlyCount "86"]
[EventDate "2011.??.??"]

1. d4 Nf6 2. c4 e6 3. Nf3 d5 4. Bg5 Nbd7 5. e3 Be7 6. Nc3 c6 7. Bd3 dxc4 8.
Bxc4 b5 9. Bd3 Bb7 10. O-O h6 11. Bh4 b4 12. Bxf6 Nxf6 13. Ne4 Nxe4 14. Bxe4
O-O 15. Ne5 Rc8 16. Qa4 Bd6 17. Rac1 Bxe5 18. dxe5 Qb6 19. Rc4 Ba6 20. Rxb4 Bb5
21. Qb3 a5 22. Rd4 Qc5 23. Rfd1 a4 24. Qb4 Qxe5 25. f4 Qf6 26. Qc5 Rfe8 27. Rd6
Qxb2 28. Bxc6 Bxc6 29. Rxc6 Rcd8 30. Rxd8 Rxd8 31. Qc2 Qb4 32. Kf1 g6 33. Ke2
a3 34. Rc3 Qb5+ 35. Ke1 Qa5 36. Ke2 Qh5+ 37. Kf2 Qa5 38. Qb3 Rd2+ 39. Kg3 Qa8
40. e4 Qxe4 41. Rf3 Qe2 42. Qb8+ Kh7 43. Qf8 Qxg2+ 0-1

[Event "2. Oeffinger Schachopen 2011"]
[Site "T-Systems"]
[Date "2011.06.11"]
[Round "2.8"]
[White "Engbrecht, Helmut"]
[Black "Dölker, Kai"]
[Result "1/2-1/2"]
[WhiteElo "1921"]
[BlackElo "1696"]
[PlyCount "162"]
[EventDate "2011.??.??"]

1. e4 c5 2. Nc3 Nc6 3. Nf3 g6 4. Be2 Bg7 5. O-O e6 6. Ne1 Nge7 7. f4 d5 8. e5
O-O 9. d3 b6 10. Bf3 Bb7 11. Nb5 Nc8 12. c3 a6 13. Na3 b5 14. d4 c4 15. Nac2 a5
16. Bd2 Qe7 17. b3 Ba6 18. bxc4 bxc4 19. Rb1 N8a7 20. Bc1 Rfb8 21. Ba3 Qd7 22.
Bd6 Rxb1 23. Qxb1 Nb5 24. Qa1 Nxd6 25. exd6 Qxd6 26. g3 Rb8 27. Ng2 Qc7 28. Rb1
Rxb1+ 29. Qxb1 Qb7 30. Qxb7 Bxb7 31. Nge3 Kf8 32. Kf1 Ke7 33. Ke1 Kd6 34. Kd1
f6 35. Kc1 Bc8 36. Kb2 Ne7 37. Na3 Ba6 38. Bd1 e5 39. fxe5+ fxe5 40. dxe5+ Kxe5
41. Bf3 Ke6 42. Nac2 Bh6 43. Nd4+ Kd6 44. Ng4 Bg7 45. Ne3 Bxd4 46. cxd4 Nf5 47.
Nxf5+ gxf5 48. Kc3 Bb7 49. Bh5 Ke6 50. Bf3 Kf6 51. h4 f4 52. g4 Bc6 53. Bd1 Kg6
54. Bc2+ Kg7 55. Bd1 Bd7 56. Bf3 Be6 57. Bd1 h5 58. gxh5 Kh6 59. Bf3 Bf7 60.
Kd2 a4 61. a3 Be6 62. Kc3 Bh3 63. Kb4 Bf5 64. Bxd5 Kxh5 65. Kxc4 Kxh4 66. Kb4
Kg3 67. Kc3 Bh3 68. Kd2 Bg2 69. Bc4 Kf2 70. d5 Kg1 71. d6 Bh3 72. Ke2 Bg4+ 73.
Ke1 f3 74. Bd3 f2+ 75. Kd2 Bh3 76. Kc3 Kg2 77. Kb4 Bd7 78. Kc3 Kf3 79. Kd4 Kf4
80. Bf1 Kf5 81. Ke3 Ke5 1/2-1/2

[Event "2. Oeffinger Schachopen 2011"]
[Site "T-Systems"]
[Date "2011.06.12"]
[Round "3.1"]
[White "Schnepp, Gunnar"]
[Black "Rempeli, Alex"]
[Result "1/2-1/2"]
[WhiteElo "2248"]
[BlackElo "1971"]
[PlyCount "52"]
[EventDate "2011.??.??"]

1. d4 Nf6 2. c4 g6 3. Nc3 d5 4. cxd5 Nxd5 5. e4 Nxc3 6. bxc3 Bg7 7. Nf3 c5 8.
Rb1 O-O 9. Be2 cxd4 10. cxd4 Qa5+ 11. Bd2 Qxa2 12. O-O Bg4 13. Be3 Nc6 14. d5
Na5 15. Bc5 Bxf3 16. Bxf3 Bf6 17. e5 Bxe5 18. Bxe7 Rfb8 19. d6 Qa3 20. Re1 Qc5
21. Qd5 Bd4 22. Qa2 Nc6 23. Rbc1 Qb5 24. Rb1 Qc5 25. Rbc1 Qb5 26. Rb1 Qc5
1/2-1/2

[Event "2. Oeffinger Schachopen 2011"]
[Site "T-Systems"]
[Date "2011.06.12"]
[Round "3.2"]
[White "Kaplunov, Vadym, Dr."]
[Black "Vaysberg, Alexander"]
[Result "0-1"]
[WhiteElo "1932"]
[BlackElo "2146"]
[PlyCount "92"]
[EventDate "2011.??.??"]

1. d4 Nc6 2. c4 d5 3. e3 e5 4. dxe5 d4 5. Nf3 Bg4 6. Be2 Bb4+ 7. Kf1 dxe3 8.
fxe3 Qxd1+ 9. Bxd1 O-O-O 10. Kf2 Bxf3 11. gxf3 Nxe5 12. Be2 a5 13. a3 Be7 14.
Nc3 Nf6 15. Rg1 $11 g6 16. f4 Nd3+ 17. Bxd3 Rxd3 18. Ke2 Rhd8 19. Nd5 Nxd5 20.
Kxd3 Nxe3+ 21. Kc3 Bf6+ 22. Kb3 Rd3+ 23. Ka2 Nxc4 24. f5 Rf3 25. fxg6 fxg6 26.
Rg4 b5 27. Rg2 a4 28. Rb1 Rb3 29. Rg3 Be5 30. Rxb3 axb3+ 31. Kxb3 Bxh2 32. a4
Nd6 33. axb5 Nxb5 34. Be3 h5 35. Rh1 Bg3 36. Bc5 Kd7 37. Kc4 Nd6+ 38. Bxd6 Kxd6
39. Kd3 Ke5 40. Ke3 h4 41. Kf3 Kf5 42. Rd1 g5 43. Rd8 g4+ 44. Kg2 Be5 45. Rf8+
Ke4 46. Rg8 h3+ 0-1

[Event "2. Oeffinger Schachopen 2011"]
[Site "T-Systems"]
[Date "2011.06.12"]
[Round "3.3"]
[White "Gustain, Marc"]
[Black "Weida, Alexander"]
[Result "1-0"]
[WhiteElo "2091"]
[BlackElo "1945"]
[PlyCount "69"]
[EventDate "2011.??.??"]

1. e4 e6 2. d4 d5 3. Nc3 Bb4 4. e5 Ne7 5. a3 Bxc3+ 6. bxc3 c5 7. Qg4 Qc7 8.
Qxg7 Rg8 9. Qxh7 cxd4 10. Ne2 Nbc6 11. f4 dxc3 12. Qd3 Bd7 13. Rg1 O-O-O 14. g4
Be8 15. Nxc3 Nxe5 16. fxe5 Qxe5+ 17. Be2 Qxh2 18. Qg3 Qxg3+ 19. Rxg3 Nf5 20.
Rd3 Nd6 21. Bf4 Nc4 22. Rdd1 Bc6 23. Kf2 Nb2 24. Rdb1 Na4 25. Nxa4 Bxa4 26. Rb4
Bc6 27. Be5 Kd7 28. Rf4 f5 29. Rh1 Rdf8 30. Rh7+ Kc8 31. Bd6 Re8 32. gxf5 d4
33. f6 Rg2+ 34. Ke1 Reg8 35. f7 1-0

[Event "2. Oeffinger Schachopen 2011"]
[Site "T-Systems"]
[Date "2011.06.12"]
[Round "3.4"]
[White "Keough, Robert"]
[Black "Erkic, Ratko"]
[Result "1-0"]
[WhiteElo "2063"]
[BlackElo "1666"]
[PlyCount "107"]
[EventDate "2011.??.??"]

1. e4 c5 2. Nf3 Nc6 3. d4 cxd4 4. Nxd4 e6 5. Nc3 a6 6. Be3 Bb4 7. Nxc6 Bxc3+ 8.
bxc3 bxc6 9. Qd4 f6 10. Be2 Qc7 11. O-O e5 12. Qb4 a5 13. Qa3 Ba6 14. c4 d5 15.
exd5 cxd5 16. Qa4+ Kf7 17. Rfd1 d4 18. c3 Bb7 19. cxd4 exd4 20. Rxd4 Qc6 21.
Rd7+ Ne7 22. Qxc6 Bxc6 23. Rc7 Rhc8 24. Rxc8 Rxc8 25. Rb1 a4 26. c5 Nd5 27. Bd2
Ke7 28. Kf1 g6 29. Bf3 Ke6 30. Re1+ Kf7 31. Be2 Ba8 32. Rc1 Ke7 33. Ba6 Rc7 34.
Ke2 Bc6 35. g3 f5 36. Bg5+ Ke6 37. Bd8 Rd7 38. Bc8 Nb4 39. a3 Bb5+ 40. Ke3 Nd5+
41. Kf3 Bc6 42. Ke2 Bb5+ 43. Ke1 Bc6 44. h4 h5 45. Rc2 Ke5 46. Bxd7 Bxd7 47. c6
Bc8 48. Rc4 Kd6 49. Ba5 Nc7 50. Bxc7+ Kxc7 51. Rxa4 Kxc6 52. Rc4+ Kd7 53. Rxc8
Kxc8 54. Kd2 1-0

[Event "2. Oeffinger Schachopen 2011"]
[Site "T-Systems"]
[Date "2011.06.12"]
[Round "3.5"]
[White "Philippin, Otto"]
[Black "Hüttig, Michael"]
[Result "0-1"]
[WhiteElo "1687"]
[BlackElo "2078"]
[PlyCount "54"]
[EventDate "2011.??.??"]

1. f4 e5 2. e4 exf4 3. Nf3 d6 4. Bc4 h6 5. d4 g5 6. c3 Bg7 7. Qb3 Qe7 8. O-O
Nc6 9. d5 Ne5 10. Nbd2 Ng4 11. Re1 Be5 12. Nf1 h5 13. h3 N4h6 14. Bb5+ Kf8 15.
Nd4 g4 16. Nc6 bxc6 17. Bxc6 gxh3 18. Bxa8 hxg2 19. Nh2 Qh4 20. Nf3 Qh1+ 21.
Kf2 Ng4+ 22. Ke2 Nh2 23. Bd2 g1=Q 24. Nxg1 f3+ 25. Kd3 Ba6+ 26. c4 f2 27. Rf1
Nxf1 0-1

[Event "2. Oeffinger Schachopen 2011"]
[Site "T-Systems"]
[Date "2011.06.12"]
[Round "3.7"]
[White "Seifert, Martin"]
[Black "Zehring, Mathias"]
[Result "1/2-1/2"]
[WhiteElo "1877"]
[BlackElo "1809"]
[PlyCount "38"]
[EventDate "2011.??.??"]

1. e4 e5 2. Nf3 Nc6 3. Nc3 Nf6 4. d4 exd4 5. Nxd4 d6 6. Nxc6 bxc6 7. Bd3 Be7 8.
O-O O-O 9. Bf4 Bg4 10. f3 Be6 11. Kh1 Nd7 12. Qd2 Bf6 13. b3 Ne5 14. Bxe5 dxe5
15. Ne2 Qe7 16. Qa5 Rfd8 17. Rad1 c5 18. Nc3 c6 19. Na4 c4 $11 1/2-1/2

[Event "2. Oeffinger Schachopen 2011"]
[Site "T-Systems"]
[Date "2011.06.12"]
[Round "3.8"]
[White "Dölker, Kai"]
[Black "Michna, Marcus,Dr."]
[Result "0-1"]
[WhiteElo "1696"]
[BlackElo "1684"]
[PlyCount "64"]
[EventDate "2011.??.??"]

1. d4 d5 2. c4 e6 3. Bf4 Bd6 4. Bg3 Nf6 5. e3 b6 6. cxd5 exd5 7. Nc3 a6 8. Nf3
O-O 9. Bd3 Bb7 10. Qc2 Re8 11. Bh4 h6 12. O-O Be7 13. Rac1 c5 14. Ne2 c4 15.
Bf5 Nbd7 16. b3 b5 17. bxc4 dxc4 18. Ne5 Nxe5 19. dxe5 Nd5 20. Bg3 Qb6 21. Nd4
Nb4 22. Qe2 Bc5 23. e6 fxe6 24. Nxe6 Rxe6 25. Bxe6+ Qxe6 26. Qh5 Qc6 27. Qh3
Nxa2 28. Rcd1 Nb4 29. Rd7 Nd3 30. Rc7 Qe4 31. Rd1 Bb6 32. Rd7 Bc8 0-1

[Event "2. Oeffinger Schachopen 2011"]
[Site "T-Systems"]
[Date "2011.06.12"]
[Round "4.1"]
[White "Vaysberg, Alexander"]
[Black "Gustain, Marc"]
[Result "1-0"]
[WhiteElo "2146"]
[BlackElo "2091"]
[PlyCount "145"]
[EventDate "2011.??.??"]

1. e4 c5 2. c3 Nf6 3. e5 Nd5 4. Nf3 Nc6 5. Na3 e6 6. Bb5 Qc7 7. Qe2 d6 8. O-O
Bd7 9. d4 cxd4 10. cxd4 dxe5 11. Nxe5 Nxe5 12. dxe5 Bxa3 13. bxa3 Bxb5 14.
Qxb5+ Qd7 15. a4 Qxb5 16. axb5 Kd7 17. Bb2 Rhc8 18. Rfd1 Rc2 19. Bd4 a6 20.
bxa6 Rxa6 21. a4 b6 22. g3 Rc4 23. Rab1 Kc6 24. Rb3 Rcxa4 25. Rf3 Ra7 26. Rc1+
Kb5 27. Bc3 Rc4 28. Rb1+ Kc5 29. Bd2 b5 30. Rfb3 b4 31. R1b2 Ra3 32. Bxb4+ Rxb4
33. Rc2+ Kd4 34. Rxa3 Kxe5 35. Ra7 Kf6 36. Rc8 Rb5 37. Rd8 g5 38. Rdd7 h5 39.
Rxf7+ Ke5 40. Rg7 Kf5 41. Raf7+ Nf6 42. Rg8 e5 43. Rgf8 Rb6 44. h3 g4 45. h4
Kg6 46. Re7 e4 47. Re5 Rd6 48. Rg5+ Kh6 49. Rh8+ Nh7 50. Rxh7+ Kxh7 51. Rxh5+
Kg7 52. Rg5+ Kf6 53. Rxg4 Re6 54. Rg5 e3 55. fxe3 Rxe3 56. Kg2 Ra3 57. Rb5 Kg6
58. Rb4 Kh5 59. Kh3 Rc3 60. Rb5+ Kh6 61. h5 Rc4 62. g4 Ra4 63. Rb6+ Kg5 64.
Rg6+ Kf4 65. h6 Ra1 66. Kg2 Ra2+ 67. Kf1 Kf3 68. Ke1 Re2+ 69. Kd1 Re8 70. h7
Rh8 71. Rg7 Kg3 72. g5 Kh4 73. g6 1-0

[Event "2. Oeffinger Schachopen 2011"]
[Site "T-Systems"]
[Date "2011.06.12"]
[Round "4.2"]
[White "Rempeli, Alex"]
[Black "Keough, Robert"]
[Result "1-0"]
[WhiteElo "1971"]
[BlackElo "2063"]
[PlyCount "79"]
[EventDate "2011.??.??"]

1. d4 Nf6 2. c4 g6 3. Nc3 Bg7 4. e4 d6 5. Nf3 O-O 6. Be2 e5 7. O-O Nc6 8. d5
Ne7 9. b4 Nh5 10. c5 f5 11. Qb3 Kh8 12. Nd2 Nf4 13. Bf3 g5 14. exf5 Nxf5 15.
Be4 g4 16. Nc4 Rf6 17. Ne3 Nxe3 18. fxe3 Rh6 19. exf4 Qh4 20. f5 Qxh2+ 21. Kf2
Rh3 22. Ke2 Bd7 23. c6 bxc6 24. dxc6 Rf3 25. Rxf3 gxf3+ 26. Kxf3 Qh5+ 27. g4
Qh3+ 28. Kf2 Qxg4 29. cxd7 Bf6 30. Bxa8 Bh4+ 31. Kf1 Qh3+ 32. Ke2 Qxf5 33.
d8=R+ Bxd8 34. Be3 Qh5+ 35. Bf3 Qh2+ 36. Bf2 Bg5 37. Qf7 Qh6 38. Rg1 d5 39.
Bxd5 Qh5+ 40. Qxh5 1-0

[Event "2. Oeffinger Schachopen 2011"]
[Site "T-Systems"]
[Date "2011.06.12"]
[Round "4.3"]
[White "Hüttig, Michael"]
[Black "Schnepp, Gunnar"]
[Result "1-0"]
[WhiteElo "2078"]
[BlackElo "2248"]
[PlyCount "80"]
[EventDate "2011.??.??"]

1. Nf3 c5 2. g3 Nc6 3. Bg2 d5 4. c4 d4 5. d3 e5 6. O-O Bd6 7. e3 Nge7 8. exd4
cxd4 9. Re1 f6 10. a3 a5 11. Nbd2 O-O 12. Ne4 Bc7 13. Qa4 Ra7 14. c5 Be6 15.
Nfd2 Kh8 16. Nc4 Nc8 17. Bd2 h6 18. Rac1 Bd5 19. g4 Qd7 20. Qd1 a4 21. h3 N6e7
22. Bb4 Bc6 23. Ncd6 Nd5 24. Nf5 Nf4 25. Bf1 g6 26. Nfg3 f5 27. gxf5 gxf5 28.
Nd6 Nxd6 29. cxd6 Bxd6 30. Rxe5 Raa8 31. Qe1 Rg8 32. Bxd6 Qxd6 33. Re7 Rae8 34.
Rxe8 Rxe8 35. Qb4 Qd5 36. Rc5 Qf3 37. Qxd4+ Kg8 38. Qc4+ Kh8 39. Qd4+ Kg8 40.
Re5 Rf8 {(ZÜ)} 1-0

[Event "2. Oeffinger Schachopen 2011"]
[Site "T-Systems"]
[Date "2011.06.12"]
[Round "4.4"]
[White "Michna, Marcus,Dr."]
[Black "Heining, Thomas"]
[Result "0-1"]
[WhiteElo "1685"]
[BlackElo "1981"]
[PlyCount "76"]
[EventDate "2011.??.??"]

1. d4 Nf6 2. c4 g6 3. Nc3 Bg7 4. e4 O-O 5. f3 d6 6. Be3 c5 7. dxc5 dxc5 8. Qxd8
Rxd8 9. Bxc5 Nc6 10. Nd5 Nd7 11. Ba3 e6 12. Ne3 Nde5 13. Rd1 Rxd1+ 14. Kxd1 a5
15. f4 Bh6 16. g3 Nb4 17. Kd2 Nec6 18. Nf3 Nxa2 19. Bg2 Nab4 20. e5 Bg7 21. Nc2
f6 22. Re1 Bd7 23. Ncd4 $11 Rd8 24. Kc3 Bc8 25. Bf1 g5 26. Nxc6 Nxc6 27. Bd6
gxf4 28. gxf4 Bh6 29. Bh3 Bxf4 30. Bc7 Rf8 31. Bd6 Rf7 32. Rg1+ Kh8 33. Re1
fxe5 34. c5 Bh6 35. Bxe5+ Nxe5 36. Nxe5 Bg7 37. Kb3 Bxe5 38. Rxe5 Rf3+ 0-1

[Event "2. Oeffinger Schachopen 2011"]
[Site "T-Systems"]
[Date "2011.06.12"]
[Round "4.5"]
[White "Weida, Alexander"]
[Black "Fox, Sascha"]
[Result "1/2-1/2"]
[WhiteElo "1945"]
[BlackElo "1796"]
[PlyCount "41"]
[EventDate "2011.??.??"]

1. e4 e5 2. d4 Nf6 3. dxe5 Nxe4 4. Bc4 c6 5. Qe2 Ng5 6. f4 Ne6 7. Nf3 Bc5 8. f5
Nd4 9. Nxd4 Bxd4 10. Bxf7+ Kf8 11. Bh5 Qa5+ 12. c3 Bxe5 13. O-O d6 14. Bg5 Nd7
15. f6 Nxf6 16. Bxf6 gxf6 17. Rxf6+ Bxf6 18. Qe8+ Kg7 19. Qf7+ Kh6 20. Qxf6+
Kxh5 21. Qxh8 1/2-1/2